000 00913cab a2200253 4500
001 WB3424-20
008 090401t1998 xxu||||| |||| 00| 0 eng d
035 _a(Sirsi) u87014
041 _aeng
245 _aHomes contract idea killed off
260 _c1998
350 _a0
490 _aEstates Gazette
_v(9825) 20 June 1998, 44(1)
520 _aThe DETR steering group considering ways to clamp down on gazumping has ruled out conditional contracts as a way to speed up the house buying process. Instead buyer`s packages of information is likely to be the central idea of the consultation paper due in October 1998.
650 _aCONDITIONAL CONTRACTS
650 _aGAZUMPING
650 _aPROPERTY-RESIDENTIAL PROPERTY-ACQUISITION AND DISPOSAL OF RESIDENTIAL PROPERTY
650 _aINFORMATION
650 _aNAEA
650 _aRICS
690 _aHOUSING
942 _n0
948 _c24/06/1998
999 _c54815
_d54815